|
|
|
|
| LEADER |
01654cas a2200241 a 4500 |
| 001 |
AALejournalIMF001023 |
| 008 |
230101c9999 xx r poo 0 0eng d |
| 020 |
|
|
|c 5.00 USD
|
| 020 |
|
|
|z 9781451829334
|
| 022 |
|
|
|a 1934-7685
|
| 040 |
|
|
|a BD-DhAAL
|c BD-DhAAL
|
| 110 |
2 |
|
|a International Monetary Fund.
|
| 245 |
1 |
0 |
|a Kingdom of the Netherlands :
|b Staff Report for the 1999 Article IV Consultation.
|
| 264 |
|
1 |
|a Washington, D.C. :
|b International Monetary Fund,
|c 1999.
|
| 300 |
|
|
|a 1 online resource (57 pages)
|
| 490 |
1 |
|
|a IMF Staff Country Reports
|
| 500 |
|
|
|a <strong>Off-Campus Access:</strong> No User ID or Password Required
|
| 500 |
|
|
|a <strong>On-Campus Access:</strong> No User ID or Password Required
|
| 506 |
|
|
|a Electronic access restricted to authorized BRAC University faculty, staff and students
|
| 520 |
3 |
|
|a This 1999 Article IV Consultation highlights that the Netherlands posted a strong economic performance during the 1990s, based on sound macroeconomic policies and complementary and interlocking reforms to fiscal policy, social security, and labor and product markets. Robust real GDP growth was combined with strong job creation and falling unemployment, as well as increasing labor participation rates. Economic activity remained strong in 1998, with real GDP expanding 3.8 percent. A slowdown that started mid-year was temporary, and growth picked up again toward the end of the year.
|
| 538 |
|
|
|a Mode of access: Internet
|
| 830 |
|
0 |
|a IMF Staff Country Reports; Country Report ;
|v No. 1999/126
|
| 856 |
4 |
0 |
|z Full text available on IMF
|u http://elibrary.imf.org/view/journals/002/1999/126/002.1999.issue-126-en.xml
|z IMF e-Library
|